01379nam a22003494a 4500001001200000003000800012006001900020007001500039008004100054010001700095020003500112020003600147040002100183035002100204050002600225082001900251100002600270245010500296250001200401260004800413300003000461490004600491504005600537533015200593650002200745650002500767650002200792655002900814710001700843830004300860856012600903ebr10190674CaPaEBRm u cr cn|||||||||020403s2002 txuab sb s000 0 eng  z 2002005333 z0292725485 (pbk. : alk. paper) z0292725442 (cloth : alk. paper) aCaPaEBRcCaPaEBR a(OCoLC)56850247214aQL677.4b.F235 2002eb04a333.95/8162211 aFaaborg, John,d1949-10aSaving migrant birdsh[electronic resource] :bdeveloping strategies for the future /cJohn Faaborg. a1st ed. aAustin :bUniversity of Texas Press,c2002. axvi, 226 p. :bill., map.1 aThe Corrie Herring Hooks series ;vno. 55 aIncludes bibliographical references (p. [207]-217). aElectronic reproduction.bPalo Alto, Calif. :cebrary,d2013.nAvailable via World Wide Web.nAccess may be limited to ebrary affiliated libraries. 0aBird populations. 0aBirdsxConservation. 0aBirdsxMigration. 7aElectronic books.2local2 aebrary, Inc. 0aCorrie Herring Hooks series ;vno. 55.40uhttp://site.ebrary.com/lib/rucke/Doc?id=10190674zAn electronic book accessible through the World Wide Web; click to view